50 cosas que hay que saber sobre física

Bibliographic Details
Main Author: Baker, Joanne
Format: Section = Libro
Language:Undetermined
Spanish
Published: Barcelona Ariel 2009
Subjects:
LEADER 00636nam a2200253Ia 4500
008 240829s9999 xx 000 0 und d
020 |a 978-84-344-8813-7 
040 |a BIBLIOTECA-RUSB/ 530 B167 
041 |a spa 
082 |a 530 B167 
100 1 |a Baker, Joanne 
245 1 0 |a 50 cosas que hay que saber sobre física 
260 |a Barcelona  |b Ariel  |c 2009 
300 |a 215 p. :il. 
650 7 |a FISICA 
650 7 |b  FISICA MODERNA 
650 7 |c  LEYES DE MOVIMIENTO DE NEWTON 
650 7 |d  TERMODINAMICA 
650 7 |e  ONDAS 
650 7 |f  ATOMOS 
650 7 |g  ESPACIO Y TIEMPO 
942 |c BK  |2 ddc 
991 |a TEXTO 
999 |c 1962